Planificación de los recursos humanos en el ámbito público / Alberto Palomar Olmeda
ISBN:
84-481-0956-2
Descripción Física:
159 p. ; 21 cm
Colección:
Monografía. Ciencias jurídicas
MARC
| LEADER | 00000nam a2200000Ia 4500 | ||
|---|---|---|---|
| 001 | 19167 | ||
| 008 | 160829s1997 xx 000 0 cat d | ||
| 020 | |a 84-481-0956-2 | ||
| 080 | |a M-3-274 | ||
| 100 | |a Palomar Olmeda, Alberto |9 45333 | ||
| 245 | |a Planificación de los recursos humanos en el ámbito público / Alberto Palomar Olmeda | ||
| 260 | |a Madrid [etc.] : |b McGraw - Hill, |c 1997 | ||
| 300 | |a 159 p. ; |c 21 cm | ||
| 490 | |a Monografía. Ciencias jurídicas | ||
| 650 | |a Ocupació |x Anàlisi |9 45334 | ||
| 650 | |a Personal |x Administració |9 45092 | ||
| 650 | 0 | |a Funció pública |z Espanya |9 11103 | |
| 901 | |a Arxiu | ||
| 942 | |n 1 | ||
| 952 | |0 0 |1 0 |4 0 |6 M3274 |7 1 |9 52511 |a Arxiu |b Arxiu |d 2016-12-01 |l 0 |o M-3-274 |p 19167 |r 2016-12-01 00:00:00 |w 2016-12-01 |y ARXIU | ||
| 999 | |c 56359 |d 56359 | ||